000 00390cam a22001097a 4500
008 180718b1959 xxu||||| |||| 00| 0 eng d
082 _aU61 ESIC/E
245 _aEmployers's guide
_cby Director General Employees State Insurance Corporation
260 _a
_bDirector General Employees State Insurance Corporation
_c1959
300 _a53p.
700 _aDirector General Employees State Corporation
999 _c498359
_d498359